000 00653nam a22001937a 4500
005 20241224123844.0
010 _aENG-142288
020 _c400.00
_a9789393734938
035 _aEN-125820
037 _bExceller Books
037 _bDBAD
082 _a364.1680954
100 _aAwaf, Abdul-Karim Mohammed
_975625
245 _aRising from the Ashes:
_b A Fight Against Corruption/
_cby Abdul-Karim Mohammed Awaf [and] Alidu (J-Aakia) Bayana
260 _aKolkata
_bExceller Books
_c2024
270 _aG1 Dream Apartment, Degree College Road
_b Belgharia,Kolkata
300 _a206p.
_c21cm(pb)
942 _2ddc
_cEN
_mAWA
_h364.1680954
999 _c207934
_d207934